Responses for Show #7476 - Monday, February 27, 2017

Contestants

[<< previous game]

Amy Sumner, an attorney from Denver, Colorado

Sam Oglesby, a software support rep from Wilmington, Massachusetts

Kirstin Cutts, a graduate student from Austin, Texas (whose 3-day cash winnings total $41,202)

[next game >>]

Jeopardy! Round responses

PIZZA
GIMME A SLICE
CEMETERIES
LEAD SINGERS FOR THE BAND
IN ABSENTIA
(Alex: ....each correct response will be formed from some of the letters, the eight letters in the word "absentia".)
THE NATIONAL MUSEUM OF AFRICAN AMERICAN HISTORY & CULTURE
(Alex: A return visit because there was so much to see.)
    $200 3
basil

Amy
    $200 14
sector

Kirstin
    $200 18
St. Peter's

Sam
    $200 4
Van Halen

Sam
    $200 1
bet (or ante)

Kirstin
    $200 26
cotton

Sam
    $400 10
Godfather's

Amy
    $400 15
a cross-section

Amy
    $400 22
Arlington National Cemetery

Amy
    $400 8
Fleetwood Mac

Kirstin
    $400 2
sane

Kirstin
    $400 30
(Alex: And before we go into commercial, our thanks once again to all of the marvelous people at the museum. If you're in D.C., our nation's capital, go to the museum.)

the Tuskegee Airmen

Sam
    $600 11
gluten

Amy
    $600 23
a spoon

Kirstin
    $600 19
Eva PerĂ³n

Kirstin
    $600 5
INXS

Sam
    $600 9
bias

Amy
    $600 27
Nat Turner

Amy
    $800 12
anchovy

Amy
    $800 24
a slice of life

Sam
    $800 20
New Orleans

Sam
    $800 6
(Alex: You've found your category.)

Journey

Sam
    $800 16
tines

Amy
    $800 28
Jim Crow laws

Amy
    $1000 13
(Kirstin: Who is Joe Manganiello?)

Joe Mantegna

Kirstin
Triple Stumper
    $1000 25
a tranche

Amy
    $1000 21
the Mount of Olives

Triple Stumper
    $1000 7
Chicago

Sam
    $1000 17
abet

Kirstin
    $2,000 29
(Amy: Who is Mahalia Jackson?)

Marian Anderson

Amy

Scores at the first commercial break (after clue 15):

Kirstin Sam Amy
$200 $2,600 $3,000

Scores at the end of the Jeopardy! Round:

Kirstin Sam Amy
$2,400 $5,000 $4,600

Double Jeopardy! Round responses

THE 2016 NOBEL PRIZES
TV & MOVIE JENNYS
"O"POURRI
(Alex: Each correct response beginning with that letter of the alphabet.)
GEOLOGY
POETRY & BRIDGES
4, 4
(Alex: ...each correct response will be a phrase of two 4-letter words.)
    $400 9
(Amy: What is Peru?)

Colombia

Amy
Triple Stumper
    $400 6
Odor Eaters

Kirstin
    $400 25
a volcano

Amy
    $400 1
London Bridge

Kirstin
    $400 4
the Good Book

Amy
    $800 10
Bob Dylan

Kirstin
    $800 7
origami

Sam
    $800 24
a joint

Kirstin
    $1,000 2
the Golden Gate Bridge

Kirstin
    $800 5
a long face

Kirstin
    $1200 13
molecules

Triple Stumper
    $1200 8
Bo Derek

Amy
    $1200 19
Outback Steakhouse

Amy
    $1200 23
asbestos

Triple Stumper
    $1200 3
(William) Wordsworth

Amy
    $1200 16
a gray wolf

Sam
    $1,600 14
contracts

Amy
    $1600 12
Love Story

Amy
    $1600 20
the Oxford English Dictionary

Kirstin
    $1600 11
Massachusetts

Sam
    $1600 17
cold feet

Sam
    $2000 15
autophagy

Triple Stumper
    $2000 26
[The end-of-round signal sounds.]

the Midwife

Kirstin
    $2000 21
(Sam: What are outlaws?)

outcasts

Sam
Triple Stumper
    $2000 22
(Alex: Less than a minute to go now, Kirstin.)

Hart Crane

Triple Stumper
    $2000 18
a body blow

Triple Stumper

Scores at the end of the Double Jeopardy! Round:

Kirstin Sam Amy
$10,200 $8,200 $11,800

[wagering suggestions for these scores]

Final Jeopardy! Round responses

U.S. LANDMARKS
(Alex: [To Amy] No, it was called, when it was set up by Franklin Delano Roosevelt, Shangri-La. But then President Eisenhower named it for his grandson. You know it better as [*].)
SamWhat is Chesapeake
$3,601
KirstinWhat is ----?
$1,999
AmyWhat is Chesapeake Bay?
$8,601
Camp David

Final scores:

Kirstin Sam Amy
$8,201 $4,599 $3,199
4-day champion: $49,403 2nd place: $2,000 3rd place: $1,000

Game dynamics:

Coryat scores:

Kirstin Sam Amy
$10,000 $8,200 $13,800
15 R
(including 1 DD),
1 W
13 R,
1 W
18 R
(including 1 DD),
2 W
(including 1 DD)

Combined Coryat: $32,000

[game clues] [game scores] [suggest correction]

Game tape date: Unknown
The J! Archive is created by fans, for fans. Scraping, republication, monetization, and malicious use prohibited; this site may use cookies and collect identifying information. See terms. The Jeopardy! game show and all elements thereof, including but not limited to copyright and trademark thereto, are the property of Jeopardy Productions, Inc. and are protected under law. This website is not affiliated with, sponsored by, or operated by Jeopardy Productions, Inc. Join the discussion at JBoard.tv.